000
00191nam a22000857a 4500
008
161125b xxu||||| |||| 00| 0 eng d
100
_9
1428
_a
Roddy.H.
245
_a
Math-4
260
_a
USA
_b
TCR
_c
2003
999
_c
4147
_d
4147